| 000 | 01028nam a2200253 a 4500 | ||
|---|---|---|---|
| 001 | 000032442 | ||
| 005 | 20200930065637.0 | ||
| 008 | 110718s1911 dr 000 0 spa d | ||
| 040 |
_aDO-SdBNP _bspa _cBNPHU |
||
| 082 |
_a327.729307294 _bM149c |
||
| 100 | 1 |
_aMachado, Manuel A. _930827 |
|
| 245 | 1 | 3 |
_aLa cuestión fronteriza domínico-haitiana : _b(lectura para el pueblo) / _cManuel A. Machado. |
| 260 |
_aLa Vega, República Dominicana : _bImprenta El Progreso, _c1911. |
||
| 300 |
_a100 p. ; _c20 cm. |
||
| 504 | _aIncluye bibliografía y notas al pie de páginas. | ||
| 650 | 4 |
_aDiarios dominicanos _xSecciones, columnas, etc. _944 |
|
| 651 | 4 |
_aRepública Dominicana _xIncidentes Fronterizos _98407 |
|
| 651 | 4 |
_aHaití _xIncidentes Fronterizos _98408 |
|
| 651 | 4 |
_aRepública Dominicana _xRelaciones Exteriores _zHaití _92233 |
|
| 651 | 4 |
_aHaití _xRelaciones Exteriores _zRepública Dominicana _92234 |
|
| 710 | 2 |
_aListín Diario (República Dominicana) _953034 |
|
| 910 | _aValidado. Control de calidad | ||
| 049 | _aBNPD | ||
| 999 |
_c31933 _d31933 |
||